[Event "Kimberley Extravaganza op"]
[Site "Kimberley"]
[Date "2024.09.26"]
[Round "3"]
[White "Mnyasta, Charlton"]
[Black "Acho, Christian"]
[Result "1-0"]
[WhiteElo "2187"]
[BlackElo "1976"]
[PlyCount "91"]
[EventDate "2024.09.25"]
[EventType "swiss"]
[EventRounds "9"]
[EventCountry "RSA"]
[SourceTitle "EXT 2025"]
[Source "ChessBase"]
[SourceDate "2024.10.14"]
[SourceVersion "1"]
[SourceVersionDate "2024.10.14"]
[SourceQuality "1"]

1. d4 Nf6 2. Nf3 g6 3. Nc3 Bg7 4. e4 d5 5. e5 Ne4 6. Bd3 Nxc3 7. bxc3 c5 8. 0-0 c4 9. Be2 Qa5 10. Bd2 Nc6 11. Qc1 Bd7 12. a4 0-0 13. Bh6 a6 14. Re1 Rfb8 15. Bf4 e6 16. Bg5 Na7 17. Qd2 Bxa4 18. Reb1 b5 19. h4 Nc6 20. Nh2 Qc7 21. Ng4 Qc8 22. Ra2 Qf8 23. Nf6+ Bxf6 24. Bxf6 h6 25. Re1 Kh7 26. h5 Ne7 27. Bg4 Rb6 28. hxg6+ fxg6 29. Re3 Ng8 30. Rf3 Ra7 31. Bg5 Rf7 32. Rh3 h5 33. Bxh5 gxh5 34. Rxh5+ Kg6 35. Bf6 Rxf6 36. Qg5+ Kf7 37. Rh7+ Ke8 38. exf6 Nxf6 39. Qg6+ Kd8 40. Rf7 Qh8 41. Rxf6 Rd6 42. Rf7 Rd7 43. Ra1 Rxf7 44. Qxf7 Qh6 45. Re1 Bxc2 46. Rxe6 1-0

[Event "Kimberley Extravaganza op"]
[Site "Kimberley"]
[Date "2024.09.25"]
[Round "2"]
[White "Acho, Christian"]
[Black "Metcalfe, Allister Richard"]
[Result "1-0"]
[WhiteElo "1976"]
[BlackElo "1873"]
[PlyCount "89"]
[EventDate "2024.09.25"]
[EventType "swiss"]
[EventRounds "9"]
[EventCountry "RSA"]
[SourceTitle "EXT 2025"]
[Source "ChessBase"]
[SourceDate "2024.10.14"]
[SourceVersion "1"]
[SourceVersionDate "2024.10.14"]
[SourceQuality "1"]

1. e4 e6 2. d4 d5 3. Nd2 c5 4. Ngf3 Nc6 5. exd5 Qxd5 6. Bc4 Qd8 7. Nb3 cxd4 8. Nbxd4 Nxd4 9. Qxd4 Qxd4 10. Nxd4 a6 11. Be3 Nf6 12. f3 Be7 13. a4 0-0 14. Kf2 Bd7 15. Rhd1 Rfc8 16. Bb3 e5 17. Ne2 Bc5 18. Rd2 Bxe3+ 19. Kxe3 Kf8 20. Nc3 Ke7 21. g4 h6 22. Re1 Bc6 23. Kf2 e4 24. Kg3 Rd8 25. Rf2 Rd4 26. fxe4 Rf8 27. h3 g5 28. Kh2 Nd7 29. a5 f6 30. Nd5+ Kd6 31. c3 Bxd5 32. exd5 Rd3 33. Bc4 Ne5 34. Bxd3 Nxd3 35. Re6+ Kxd5 36. Rfxf6 Rxf6 37. Rxf6 Nxb2 38. Rxh6 Ke4 39. Re6+ Kd5 40. Rg6 Na4 41. Rxg5+ Ke4 42. Rg7 Nc5 43. h4 Kf4 44. h5 Ne4 45. h6 1-0

[Event "RSA-ch U20"]
[Site "Bloemfontein"]
[Date "2016.03.26"]
[Round "11"]
[White "De Villiers, Ockert Almaro"]
[Black "Acho, Christian"]
[Result "1/2-1/2"]
[WhiteElo "1578"]
[BlackElo "1978"]
[PlyCount "72"]
[EventDate "2016.03.20"]
[EventType "swiss"]
[EventRounds "11"]
[EventCountry "RSA"]
[SourceTitle "CBM 171 Extra"]
[Source "ChessBase"]
[SourceDate "2016.04.26"]
[SourceVersion "1"]
[SourceVersionDate "2016.04.26"]
[SourceQuality "1"]

1. e4 e6 2. d4 d5 3. Nd2 Nf6 4. e5 Nfd7 5. Bd3 c5 6. c3 Nc6 7. Ngf3 Qb6 8. 0-0 Be7 9. a3 cxd4 10. cxd4 f6 11. Qa4 fxe5 12. dxe5 Nc5 13. Qc2 Nxd3 14. Qxd3 Bd7 15. b4 0-0 16. Nb3 Qc7 17. Bb2 Be8 18. Rac1 Bg6 19. Qe3 Qb6 20. Qxb6 axb6 21. Nbd4 Nd8 22. Rc7 Rf7 23. Rfc1 Bh5 24. Nd2 Bg5 25. Rxf7 Nxf7 26. Bc3 Nxe5 27. Nxe6 Nd3 28. Rc2 Bh6 29. Nf3 Bg6 30. Ra2 Nc1 31. Rb2 Rxa3 32. Be1 Ra1 33. h4 Ra3 34. Rd2 Bh5 35. Nfd4 Bf4 36. Kf1 Be5 1/2-1/2

[Event "RSA-ch U20"]
[Site "Bloemfontein"]
[Date "2016.03.24"]
[Round "8"]
[White "Acho, Christian"]
[Black "Crismann, Alessandro Claudio"]
[Result "1-0"]
[WhiteElo "1978"]
[BlackElo "1804"]
[PlyCount "55"]
[EventDate "2016.03.20"]
[EventType "swiss"]
[EventRounds "11"]
[EventCountry "RSA"]
[SourceTitle "CBM 171 Extra"]
[Source "ChessBase"]
[SourceDate "2016.04.26"]
[SourceVersion "1"]
[SourceVersionDate "2016.04.26"]
[SourceQuality "1"]

1. c4 c5 2. Nf3 Nf6 3. Nc3 d6 4. d4 cxd4 5. Nxd4 g6 6. e4 Nc6 7. Nc2 Bg7 8. Be2 0-0 9. 0-0 Be6 10. Be3 Ne5 11. Na3 Qa5 12. f3 Rfc8 13. Nd5 Nxd5 14. cxd5 Bd7 15. Qe1 Qxe1 16. Raxe1 a6 17. Rc1 b5 18. Rxc8+ Rxc8 19. Rc1 Rxc1+ 20. Bxc1 f5 21. h3 fxe4 22. fxe4 e6 23. Nc2 exd5 24. exd5 Nc4 25. b3 Nb6 26. Bf3 Bc3 27. Be3 Nc8 28. g4 1-0

[Event "RSA-chT U20"]
[Site "Cape Town"]
[Date "2016.01.06"]
[Round "5.1"]
[White "Mamonyane, Thabang"]
[Black "Acho, Christian"]
[Result "0-1"]
[WhiteElo "1755"]
[BlackElo "1948"]
[PlyCount "60"]
[EventDate "2016.01.04"]
[EventType "team-tourn"]
[EventRounds "7"]
[EventCountry "RSA"]
[SourceTitle "CBM 170 Extra"]
[Source "ChessBase"]
[SourceDate "2016.02.25"]
[SourceVersion "1"]
[SourceVersionDate "2016.02.25"]
[SourceQuality "1"]
[WhiteTeam "Ekurhuleni"]
[BlackTeam "Free State"]
[WhiteTeamCountry "RSA"]
[BlackTeamCountry "RSA"]

1. d4 Nf6 2. c4 e6 3. Nf3 c5 4. Nc3 a6 5. g3 cxd4 6. Nxd4 Qc7 7. Qd3 Be7 8. Bg2 0-0 9. 0-0 d6 10. b3 Nbd7 11. e4 b6 12. Bb2 Bb7 13. Rad1 Rfe8 14. Rfe1 Rad8 15. Nde2 Nc5 16. Qc2 Qb8 17. Nf4 Qa8 18. Qe2 Bf8 19. Nh5 Nxh5 20. Qxh5 f5 21. f3 g6 22. Qg5 Be7 23. Qe3 Bf6 24. b4 Nd7 25. a3 d5 26. exf5 d4 27. Rxd4 exf5 28. Ne4 fxe4 29. Rxd7 Bxb2 30. Qb3 Rxd7 0-1

[Event "RSA-chT U20"]
[Site "Cape Town"]
[Date "2016.01.05"]
[Round "4.1"]
[White "Acho, Christian"]
[Black "Darling, Paul D"]
[Result "0-1"]
[WhiteElo "1948"]
[BlackElo "1939"]
[PlyCount "89"]
[EventDate "2016.01.04"]
[EventType "team-tourn"]
[EventRounds "7"]
[EventCountry "RSA"]
[SourceTitle "CBM 170 Extra"]
[Source "ChessBase"]
[SourceDate "2016.02.25"]
[SourceVersion "1"]
[SourceVersionDate "2016.02.25"]
[SourceQuality "1"]
[WhiteTeam "Free State"]
[BlackTeam "Western Province"]
[WhiteTeamCountry "RSA"]
[BlackTeamCountry "RSA"]

1. c4 b6 2. Nc3 Nf6 3. Nf3 e6 4. g3 Bb7 5. Bg2 c5 6. 0-0 Be7 7. d4 cxd4 8. Qxd4 d6 9. e4 Nc6 10. Qe3 a6 11. b3 0-0 12. Bb2 Qc7 13. Rac1 Ne5 14. Nd4 Rfe8 15. h3 Ned7 16. g4 h6 17. Kh1 Bf8 18. Nce2 Rad8 19. Ng3 Qc5 20. Qd2 Qg5 21. Qe2 Nc5 22. Rce1 d5 23. Nf3 Qg6 24. Ne5 Qh7 25. exd5 exd5 26. Nf5 h5 27. Kg1 hxg4 28. hxg4 Nce4 29. Bf3 Ng5 30. Bg2 Bc5 31. Rd1 Nh3+ 32. Bxh3 Qxh3 33. Qd3 Qh7 34. Qf3 Ba8 35. Ng3 dxc4 36. Nc6 Rc8 37. Qf5 Qxf5 38. Nxf5 Bxc6 39. Nxg7 Kxg7 40. g5 Re4 41. Bxf6+ Kg6 42. Kh2 Rce8 43. Kg3 cxb3 44. f4 Kf5 45. Be5 0-1